The guide to European property investment. Volume 2: Denmark, Greece, Republic of Ireland, Italy, Luxembourg, Portugal. (Record no. 86575)

MARC details
000 -LEADER
fixed length control field 00552cam a2200193 4500
008 - FIXED-LENGTH DATA ELEMENTS--GENERAL INFORMATION
fixed length control field 090401t1990 xxu||||| |||| 00| 0 eng d
020 ## - INTERNATIONAL STANDARD BOOK NUMBER
International Standard Book Number 0080401252
035 ## - SYSTEM CONTROL NUMBER
System control number (Sirsi) u8904
041 ## - LANGUAGE CODE
Language code of text/sound track or separate title eng
050 ## - LIBRARY OF CONGRESS CALL NUMBER
Classification number 332.6324094
110 ## - MAIN ENTRY--CORPORATE NAME
Corporate name or jurisdiction name as entry element Sweby Cowan
9 (RLIN) 2763
245 #4 - TITLE STATEMENT
Title The guide to European property investment. Volume 2: Denmark, Greece, Republic of Ireland, Italy, Luxembourg, Portugal.
260 ## - PUBLICATION, DISTRIBUTION, ETC.
Place of publication, distribution, etc. London
Name of publisher, distributor, etc. Waterlow Publishers
Date of publication, distribution, etc. 1990
300 ## - PHYSICAL DESCRIPTION
Extent 124p. ; 21x12cm.
350 ## - PRICE (NR) (BK AM CF MU VM SE) [OBSOLETE]
Price 0
710 ## - ADDED ENTRY--CORPORATE NAME
Corporate name or jurisdiction name as entry element FIABCI
942 ## - ADDED ENTRY ELEMENTS (KOHA)
Suppress in OPAC 0
948 ## - LOCAL PROCESSING INFORMATION (OCLC); SERIES PART DESIGNATOR (RLIN)
c (OCLC) 04/03/1997
Holdings
Withdrawn status Lost status Source of classification or shelving scheme Damaged status Not for loan Home library Current library Shelving location Date acquired Total Checkouts Full call number Barcode Date last seen Copy number Price effective from Koha item type Date last checked out
    Dewey Decimal Classification     London London Books 13/08/1991   332.6324094 30000461 06/08/2019 1 06/08/2019 Book  
    Dewey Decimal Classification     London London Books 14/09/1999 9 332.6324094 30028649 06/08/2019 3 06/08/2019 Book 09/05/2006